000 01147nam0a22002891 4500
001 rc\4604898
005 20260407122740.0
021 _aRU
_b[61-20946]
035 _a(NLR Aleph) 008668275
090 _a9104204
_c9104204
100 _a20130416d1961 |||y0rusy50 ca
101 0 _arus
102 _aRU
105 _ay z |||||
200 1 _aОпытническая работа учащихся по садоводству
_e(Метод. письмо)
_fОмский обл. отд. нар. образования. Ин-т усовершенствования учителей
210 _aОмск
_cБ. и.
_d1961
215 _a35 с.
_d21
300 _aНа 1-й с. сост.: Г.Г. Мухамадеева
320 _aБиблиогр.: с. 35
606 _aПлодоводство
_xОпыты учебные
_2psbo
702 1 _aМухамадеева
_bГ.Г.
_4220
712 0 2 _aОмский областной институт усовершенствования учителей
_3RU\NLR\AUTH\889959603
_9415393
801 0 _aRU
_bNLR
_gpsbo
801 1 _aRU
_bELAR
_2rusmarc
852 _aNLR
_j61-6/3049
942 _cBOOK
980 _aNB